000 00536nam a22001457a 4500
003 0
005 20160609172157.0
008 130812t xxu||||| |||| 00| 0 eng d
040 _aBUAC
_bFr
_cBEPAC
100 _aAGAGBE, Armelle Ablawa
_926089
245 _aEtude écotoxicochimique des résidus de pesticides dans le bassin versant de la rivière Agbado par la technique d’analyse Elisa en phase solide
_cAGAGBE, Armelle Ablawa
260 _aAbomey-Calavi
_bEcole Polytechnique d’Abomey-Calavi
_c2007
300 _a65p.
942 _cTHE
999 _c52355
_d52355